| 000 | 00680nam a22001817a 4500 | ||
|---|---|---|---|
| 999 |
_c19163 _d19163 |
||
| 008 | 240215b ||||| |||| 00| 0 eng d | ||
| 020 | _a9786214182947 | ||
| 082 |
_aDFil 174 _bL965 2023 |
||
| 100 |
_aLud-ayen, Charesma Grace Killip. _952461 |
||
| 245 |
_aProfessional conduct & ethical standards / _cCharema Grace Killip Lud-ayen and Warren Galas Moyao. |
||
| 260 |
_aQuezon City : _bWiseman's Books Trading, Inc., _c©2023. |
||
| 300 |
_aiv, 81 pages : _billustrations ; _c22 cm. |
||
| 500 | _aIncludes references. | ||
| 650 |
_aCriminologists. _xEthics. _946426 |
||
| 650 |
_aProfessional ethics. _952546 |
||
| 700 |
_aMoyao, Warren Galas. _eauthor. _952462 |
||
| 942 |
_2ddc _cDFIL |
||